El Basilisco : (Record no. 193439)

MARC details
000 -LEADER
campo de control de longitud fija 01874nas a2200493 i 4500
001 - NÚMERO DE CONTROL
campo de control 193439
003 - IDENTIFICADOR DE NÚMERO DE CONTROL
campo de control SpMaBN
005 - FECHA Y HORA DE LA ÚLTIMA TRANSACCIÓN
campo de control 20250804062804.0
007 - CAMPO FIJO DE DESCRIPCIÓN FÍSICA--INFORMACIÓN GENERAL
campo de control de longitud fija ta
008 - DATOS DE LONGITUD FIJA--INFORMACIÓN GENERAL
campo de control de longitud fija 930917c1978201usp br p 0uuub0spa
010 ## - NÚMERO DE CONTROL DE LA BIBLIOTECA DEL CONGRESO
Número de control de LC c
Número de control de NUCMC 2
016 7# - NÚMERO DE CONTROL DE UNA AGENCIA BIBLIOGRÁFICA NACIONAL
Número de control del registro biseBNE19940049171
Fuente SpMaBN
Número de control cancelado/no válido RECBI006599
017 ## - NÚMERO DE COPYRIGHT O DE DEPÓSITO LEGAL
Número de copyright o de depósito legal O 343-1978
Agencia que asigna Oficina Depósito Legal Asturias
022 0# - NÚMERO INTERNACIONAL NORMALIZADO PARA PUBLICACIONES SERIADAS
Número Internacional Normalizado para Publicaciones Seriadas 0210-0088
Fuente _u
035 ## - NÚMERO DE CONTROL DEL SISTEMA
Número de control de sistema 00006599
035 ## - NÚMERO DE CONTROL DEL SISTEMA
Número de control de sistema bise0000159435
035 ## - NÚMERO DE CONTROL DEL SISTEMA
Número de control de sistema (OCoLC)436529784
037 ## - FUENTE DE ADQUISICIÓN
Fuente del número de adquisición Avda. de Galicia 21, 35005; tf. 985 245857, fax: 985 245649; c.e.: pedidos@fgbueno.es
040 ## - FUENTE DE CATALOGACIÓN
Centro catalogador/agencia de origen SpMaBN
Lengua de catalogación spa
Centro/agencia transcriptor SIC
080 ## - NÚMERO DE LA CLASIFICACIÓN DECIMAL UNIVERSAL
Número de la Clasificación Decimal Universal 1
130 3# - ENTRADA PRINCIPAL--TÍTULO UNIFORME
Título uniforme El Basilisco (Oviedo)
9 (RLIN) 234631
210 0# - TÍTULO ABREVIADO
Título abreviado Basilisco
222 #3 - TÍTULO CLAVE
Título clave El Basilisco
245 13 - MENCIÓN DEL TÍTULO
Título El Basilisco :
Resto del título revista de filosofía, ciencias humanas, teoría de la ciencia y de la cultura
260 ## - PUBLICACIÓN, DISTRIBUCIÓN, ETC.
Lugar de publicación, distribución, etc. Oviedo :
Nombre del editor, distribuidor, etc. Pentalfa Ediciones,
Fecha de publicación, distribución, etc. 1978-
260 3# - PUBLICACIÓN, DISTRIBUCIÓN, ETC.
Lugar de publicación, distribución, etc. Oviedo :
Nombre del editor, distribuidor, etc. Fundación Gustavo Bueno.
Fecha de publicación, distribución, etc. 1998-
300 ## - DESCRIPCIÓN FÍSICA
Extensión 5 v. ;
Dimensiones 30 cm.
310 ## - PERIODICIDAD ACTUAL
Periodicidad actual Bimestral
336 ## - TIPO DE CONTENIDO
Término de tipo de contenido Texto (visual)
Fuente isbdcontent
337 ## - TIPO DE MEDIO
Nombre/término del tipo de medio sin mediación
Fuente isbdmedia
362 0# - FECHAS DE PUBLICACIÓN Y/O DESIGNACIÓN SECUENCIAL
Fecha de publicación y/o designación secuencial 1978-
530 ## - NOTA DISPONIBLE DE FORMULARIO FÍSICO ADICIONAL
Nota de formato físico adicional disponible Disponible también en formato digital.
594 ## - Nota al título y mención de responsabilidad
Nota al título y mención de responsabilidad Desde 2008 El Basilisco se subtitula revista de materialismo filosófico.
650 #7 - PUNTO DE ACCESO ADICIONAL DE MATERIA--TÉRMINO DE MATERIA
Término de materia o nombre geográfico como elemento de entrada Filosofía
Fuente del encabezamiento o término embne
9 (RLIN) 12802
655 #7 - TERMINO DE INDIZACIÓN--GENERO/FORMA
9 (RLIN) 226866
Datos o término principal de género/forma Revistas
710 2# - ENTRADA AGREGADA--NOMBRE DE ENTIDAD CORPORATIVA
Nombre de entidad corporativa o nombre de jurisdicción como elemento de entrada Fundación Gustavo Bueno
9 (RLIN) 4316
776 08 - ENTRADA DE FORMULARIO FÍSICO ADICIONAL
Información de relación Versión en línea
Título Basilisco (Internet) =
Número Internacional Normalizado para Publicaciones Seriadas ISSN 2531-2944
Número de control del registro 193438
biblionumber 193438
852 ## - LOCALIZACIÓN
Ubicación ES-MaACL
Número de control de estantería Hem-2037
Ubicación en estantería Hemeroteca
itemnumber 2854
Nota libre Expurgado marzo 2025: posterior 1958; sin encuadernar; en acceso abierto
856 4# - LOCALIZACIÓN Y ACCESO ELECTRÓNICOS
Identificador Uniforme de Recursos <a href="https://dialnet.unirioja.es/servlet/revista?codigo=460">https://dialnet.unirioja.es/servlet/revista?codigo=460</a>
Texto de enlace Sumarios de la revista en Dialnet
866 #0 - MENCIÓN TEXTUAL DE FONDOS--UNIDAD BIBLIOGRÁFICA BÁSICA
Fondos 1981-1982,1990-1991,1999-2011.
942 ## - ELEMENTOS DE ENTRADA SECUNDARIOS (KOHA)
Fuente del sistema de clasificación o colocación Clasificación decimal universal
Suprimir en OPAC No
Tipo de ítem Koha Revista
955 ## - CATALOGADOR - EDICIÓN
Nombre de catalogador CRON CRON
Holdings
Estatus retirado Estado de pérdida Fuente del sistema de clasificación o colocación Estado de daño No para préstamo Colección Biblioteca de origen Biblioteca actual Ubicación en estantería Fecha de adquisición Total de préstamos Signatura topográfica completa Código de barras Visto por última vez Precio de reemplazo Tipo de ítem Koha
Expurgado   Clasificación decimal universal     Periódicos y Revistas Biblioteca del Ateneo de Madrid Biblioteca del Ateneo de Madrid Hemeroteca 17/01/2008   HEM-2037 1002810 23/02/2023 23/02/2023 Revista